zpět

Detail výsledku týmu

U Lucerny ČT, Brno

Datum a čas kvízu

34 Celkem bodů Celkový počet nahraných bodů na tomto kvízu bez doplňovacích otázek.
5. Pořadí na kvízu Konečné umístění týmu na tomto kvízu.

Zaznamenané odpovědi

# Otázka Odpověď Body Výsledky
1. Který ze zamýšlených uchazečů... Miroslav Kalousek 0
2. Po několik posledních týdnů by... Severní Korea 1
3. Do českých kin vstoupil minulý... ve vlaku 0
4. Minulý týden jsme se dozvěděli... Prima TV 1
5. První velké překvapení jarní č... Slavia Praha - MFK Karviná 0:1 0
6. Patrně nejznámější čarodějnicí... Kirké 0
7. Tento britsko-kanadský seriál... Čarodějnice školou povinné 0
8. Nechvalnou součástí historie j... Salem 1
9. Ve filmové adaptaci knihy Čaro... (Somewhere) Over the Rainbow 1
10. Tato legendární postava Lužick... Krabat 0